000 00639nam a22002417a 4500
003 UA-OsUOA
001 72174
007 ta
008 20101228b un ||||| |||| 00| 0 ukr d
100 _aМопасан Гі Де
090 _a821.161.2
_bМ78
942 _cBK
040 _aUA-OsUOA
_bukr
_cUA-OsUOA
_dUA-OsUOA
245 _aЛюбий друг
_bРоман, новели
300 _a351 с.
955 _a3
041 _aukr
080 _a821.161.2
020 _a966-03-2229-1
260 _aХарків
_bФОЛІО
_c2004
650 7 _a82 Література. Літературознавство
_2UDC
999 _c358457
_d358457